[Event "VIII Governor's Cup"]
[Site "Khanty-Mansiysk RUS"]
[Date "2012.11.15"]
[Round "1.1"]
[White "Jumabayev, R."]
[Black "Zhigalko, S."]
[Result "1/2-1/2"]
[WhiteElo "2545"]
[BlackElo "2682"]
[PlyCount "123"]
[EventDate "2012.11.15"]
[SourceDate "1999.07.01"]

1. d4 Nf6 2. c4 e6 3. Nf3 b6 4. g3 Ba6 5. b3 Bb4+ 6. Bd2 Be7 7. Bg2 c6 8. O-O
d5 9. Qc2 Nbd7 10. Rd1 O-O 11. Bf4 Rc8 12. Nc3 h6 13. e4 dxc4 14. Nd2 b5 15.
bxc4 bxc4 16. Bf1 Nb6 17. Rab1 g5 18. Be3 Ng4 19. a4 Rb8 20. a5 Nd7 21. Bxc4
Nxe3 22. fxe3 Rxb1 23. Rxb1 Bc8 24. e5 Kg7 25. Nb3 Qc7 26. Ne4 Bb7 27. Bd3 Rb8
28. Rf1 c5 29. Nexc5 Nxc5 30. Nxc5 Bxc5 31. Qxc5 Qxc5 32. dxc5 Bc6 33. Rb1 Rd8
34. Bb5 Rb8 35. Bd3 Rd8 36. Rb3 Rd5 37. Rc3 Rxe5 38. Kf2 f5 39. Be2 g4 40. Ke1
Kf6 41. Bf1 Ke7 42. Kf2 Kd7 43. Bd3 Kc7 44. Ke2 Bf3+ 45. Kd2 Rd5 46. Kc2 Kc6
47. Bc4 Rxc5 48. Bxe6 Be4+ 49. Kb3 Rxc3+ 50. Kxc3 Kb5 51. Kd4 Kxa5 52. Ke5 Kb6
53. Bxf5 Bxf5 54. Kxf5 Kc7 55. Kg6 Kd7 56. Kf7 Kd6 57. Kf6 Kd5 58. Kf5 Kc6 59.
Kg6 Kd5 60. Kf5 Kd6 61. Kf6 Kd5 62. Kf5 1/2-1/2

[Event "VIII Governor's Cup"]
[Site "Khanty-Mansiysk RUS"]
[Date "2012.11.19"]
[Round "5.6"]
[White "Khismatullin, D."]
[Black "Shomoev, A."]
[Result "1/2-1/2"]
[WhiteElo "2646"]
[BlackElo "2568"]
[PlyCount "108"]
[EventDate "2012.11.15"]
[SourceDate "1999.07.01"]

1. d4 Nf6 2. c4 e6 3. Nf3 b6 4. g3 Bb4+ 5. Bd2 Bxd2+ 6. Qxd2 Ba6 7. b3 c6 8.
Nc3 d5 9. e4 Nxe4 10. Nxe4 dxe4 11. Ng5 c5 12. Bg2 Nc6 13. dxc5 Qxd2+ 14. Kxd2
f5 15. Nxe6 Kf7 16. Nc7 Rad8+ 17. Kc1 Nb4 18. cxb6 axb6 19. Nxa6 Nxa6 20. Rd1
Nb4 21. Rd2 g5 22. a3 Nc6 23. Raa2 Kf6 24. Rxd8 Rxd8 25. Rd2 Ke5 26. Rxd8 Nxd8
27. Kc2 Kd4 28. Bf1 f4 29. b4 Nc6 30. Kb3 Ne5 31. a4 Nc6 32. c5 bxc5 33. bxc5
Kxc5 34. Kc3 Ne5 35. h3 Nc6 36. Ba6 Ne5 37. Be2 Nc6 38. Bf1 h6 39. g4 Na5 40.
Ba6 Kb6 41. Be2 Kc5 42. Bb5 Nb7 43. Bc4 Na5 44. Ba6 Kb6 45. Bf1 Kc5 46. Bg2 Kd5
47. Kb4 Nc6+ 48. Kb5 f3 49. Bf1 Nd4+ 50. Kb6 Nb3 51. Kb5 Nd4+ 52. Kb6 Nb3 53.
Kb5 Nd4+ 54. Kb6 Nb3 1/2-1/2

[Event "3rd Mendeleev GM"]
[Site "Tyumen RUS"]
[Date "2012.11.13"]
[Round "9"]
[White "Kotsur, P."]
[Black "Brodsky, M."]
[Result "1/2-1/2"]
[WhiteElo "2548"]
[BlackElo "2563"]
[PlyCount "30"]
[EventDate "2012.11.05"]
[SourceDate "1999.07.01"]

1. d4 Nf6 2. c4 e6 3. Nf3 b6 4. g3 Bb7 5. Bg2 Be7 6. O-O O-O 7. Nc3 Ne4 8. Nxe4
Bxe4 9. Ne1 Bxg2 10. Nxg2 d5 11. Qa4 dxc4 12. Qxc4 c5 13. dxc5 Bxc5 14. Be3 Nd7
15. Bxc5 Nxc5 1/2-1/2

[Event "TCh-ESP CECLUB Div Honor 2012"]
[Site "Leon ESP"]
[Date "2012.11.08"]
[Round "4.2"]
[White "Sargissian, G."]
[Black "Kovalyov, A."]
[Result "1/2-1/2"]
[WhiteElo "2679"]
[BlackElo "2596"]
[PlyCount "78"]
[EventDate "2012.11.05"]
[SourceDate "1999.07.01"]
[WhiteTeam "Linex-Magic Extremadura"]
[BlackTeam "Equigoma Caja Social Catolica"]

1. d4 Nf6 2. c4 e6 3. Nf3 b6 4. g3 c6 5. Qa4 a6 6. Bg2 d5 7. Qc2 Bb7 8. O-O
Nbd7 9. b3 Rc8 10. Nc3 c5 11. Rd1 dxc4 12. d5 cxb3 13. axb3 Nxd5 14. Nxd5 exd5
15. Ng5 Nf6 16. e4 h6 17. e5 hxg5 18. exf6 gxf6 19. Qf5 Be7 20. Bxd5 Bxd5 21.
Rxd5 Qc7 22. Bb2 Rd8 23. Re1 Rxd5 24. Qxd5 Kf8 25. Qa8+ Kg7 26. Qxa6 Bd8 27.
Rd1 Qc6 28. Qd3 Qe6 29. Qf3 Bc7 30. Bc3 Be5 31. Re1 Re8 32. Bxe5 fxe5 33. Re4
f5 34. Ra4 g4 35. Qe3 Qf6 36. b4 Rd8 37. h4 gxh3 38. bxc5 bxc5 39. Qxc5 Qd6
1/2-1/2

[Event "Chigorin Mem Rapid"]
[Site "St Petersburg RUS"]
[Date "2012.10.26"]
[Round "6.6"]
[White "Lenderman, A."]
[Black "Anisimov, P2."]
[Result "1-0"]
[WhiteElo "2614"]
[BlackElo "2541"]
[PlyCount "61"]
[EventDate "2012.10.25"]
[SourceDate "1999.07.01"]

1. d4 Nf6 2. c4 e6 3. Nf3 b6 4. Nc3 Bb7 5. Bg5 Be7 6. e3 h6 7. Bh4 Ne4 8. Bxe7
Qxe7 9. Qc2 Nxc3 10. Qxc3 c5 11. dxc5 O-O 12. cxb6 axb6 13. Be2 Na6 14. O-O Nc5
15. Qb4 Rab8 16. Nd4 e5 17. Nf3 f5 18. Rad1 Bc6 19. Qc3 d6 20. b4 Ne4 21. Qb3
Ra8 22. c5+ Kh7 23. cxd6 Nxd6 24. b5 Bb7 25. Qb4 Rf6 26. Rd2 Rc8 27. Rfd1 Rc5
28. a4 Qc7 29. Nxe5 Ne4 30. Nd7 Rg6 31. Nf8+ 1-0

[Event "3rd Mendeleev GM"]
[Site "Tyumen RUS"]
[Date "2012.11.05"]
[Round "1"]
[White "Brodsky, M."]
[Black "Tarlev, K."]
[Result "1-0"]
[WhiteElo "2563"]
[BlackElo "2544"]
[PlyCount "83"]
[EventDate "2012.11.05"]
[SourceDate "1999.07.01"]

1. d4 Nf6 2. c4 e6 3. Nf3 b6 4. g3 Bb7 5. Bg2 g6 6. O-O Bg7 7. Qc2 Be4 8. Qb3
Nc6 9. Nbd2 Na5 10. Qc3 Bb7 11. b4 Nc6 12. e4 O-O 13. Bb2 Ne7 14. Rfe1 d6 15.
Qb3 Nd7 16. Rad1 a5 17. a3 Re8 18. Nb1 axb4 19. axb4 c6 20. Nc3 Qc7 21. d5 cxd5
22. exd5 exd5 23. Nb5 Qb8 24. Bxg7 Kxg7 25. cxd5 Nf6 26. Nc3 Qc7 27. Nd4 Rac8
28. Ndb5 Qd7 29. Qb2 Neg8 30. Rxe8 Rxe8 31. Nd4 Bc8 32. Nc6 Qg4 33. Qa1 Qh5 34.
Nb5 Bh3 35. Nxd6 Ra8 36. Qd4 Bxg2 37. Kxg2 Ra3 38. Ne8+ Kf8 39. Nxf6 Qf3+ 40.
Kg1 Nxf6 41. Ne5 Qe2 42. d6 1-0

[Event "5th Douglas Martinez"]
[Site "Guarenas VEN"]
[Date "2012.10.29"]
[Round "8.3"]
[White "Arencibia Rodriguez, W."]
[Black "Papin, V."]
[Result "1/2-1/2"]
[WhiteElo "2526"]
[BlackElo "2552"]
[PlyCount "32"]
[EventDate "2012.10.25"]
[SourceDate "1999.07.01"]

1. d4 Nf6 2. c4 e6 3. Nf3 b6 4. g3 Ba6 5. Qa4 Bb7 6. Bg2 c5 7. dxc5 bxc5 8. O-O
Be7 9. Nc3 O-O 10. Rd1 d6 11. Bf4 Qb6 12. Qb3 Rd8 13. Qxb6 axb6 14. Rd2 Nc6 15.
Rad1 Ne8 16. b3 h6 1/2-1/2

[Event "Danilo Batricevic Mem Balkan GP"]
[Site "Cetinje MNE"]
[Date "2012.10.27"]
[Round "9.2"]
[White "Blagojevic, Dr"]
[Black "Savic, Miod1"]
[Result "1/2-1/2"]
[WhiteElo "2526"]
[BlackElo "2531"]
[PlyCount "46"]
[EventDate "2012.10.20"]
[SourceDate "1999.07.01"]

1. d4 Nf6 2. c4 e6 3. Nf3 b6 4. g3 Bb7 5. Bg2 Be7 6. O-O O-O 7. Nc3 Ne4 8. Qc2
Nxc3 9. Qxc3 f5 10. b3 Bf6 11. Bb2 Nc6 12. Ne5 Nxd4 13. Qxd4 Bxg2 14. Kxg2 d6
15. Qe3 Bxe5 16. Bxe5 dxe5 17. Qxe5 Qd6 18. Qxd6 cxd6 19. Rad1 Rfd8 20. Rd4 Kf7
21. Rfd1 Ke7 22. f4 a6 23. a4 b5 1/2-1/2

[Event "Chigorin Memorial"]
[Site "St Petersburg RUS"]
[Date "2012.11.04"]
[Round "9.7"]
[White "Goganov, A."]
[Black "Sasikiran, K."]
[Result "0-1"]
[WhiteElo "2526"]
[BlackElo "2680"]
[PlyCount "80"]
[EventDate "2012.10.27"]
[SourceDate "1999.07.01"]

1. d4 Nf6 2. c4 e6 3. Nf3 b6 4. g3 Ba6 5. Qa4 Be7 6. Bg2 Bb7 7. O-O O-O 8. Rd1
Re8 9. Nc3 Ne4 10. Nxe4 Bxe4 11. Ne1 Bxg2 12. Nxg2 d6 13. e4 Nd7 14. Be3 e5 15.
d5 a5 16. f3 g6 17. Qc2 Bg5 18. Bf2 Rf8 19. f4 exf4 20. gxf4 Bf6 21. Re1 Re8
22. a4 Nc5 23. Bg3 Bg7 24. Nh4 Qd7 25. Nf3 c6 26. Rad1 cxd5 27. Rxd5 Qxa4 28.
Qxa4 Nxa4 29. b3 Nc3 30. Rxd6 Bf8 31. Rc6 Nxe4 32. Kg2 Bc5 33. Bh4 a4 34. bxa4
Rxa4 35. Ne5 Ra2+ 36. Kh3 f5 37. Rd1 g5 38. fxg5 Rxe5 39. Rd8+ Kg7 40. Rc7+ Re7
0-1

[Event "16th OIBM 2012"]
[Site "Bad Wiessee GER"]
[Date "2012.10.31"]
[Round "5.1"]
[White "Chernyshov, K."]
[Black "Nisipeanu, LD."]
[Result "0-1"]
[WhiteElo "2532"]
[BlackElo "2661"]
[PlyCount "118"]
[EventDate "2012.10.27"]
[SourceDate "1999.07.01"]

1. d4 Nf6 2. Nf3 e6 3. c4 b6 4. g3 Ba6 5. Qc2 Bb7 6. Bg2 c5 7. dxc5 bxc5 8. O-O
Be7 9. Nc3 O-O 10. Bg5 Qb6 11. Rad1 h6 12. Bf4 d6 13. e4 Rd8 14. Na4 Qc6 15. e5
dxe5 16. Bxe5 Nbd7 17. Bf4 Nb6 18. Nxb6 axb6 19. b3 b5 20. Rxd8+ Rxd8 21. a4
bxa4 22. bxa4 Qa6 23. Ne1 Bxg2 24. Nxg2 Ra8 25. Ra1 Nd7 26. a5 Bf6 27. Ra2 Bd4
28. Be3 Ne5 29. Bxd4 cxd4 30. Qe4 Nxc4 31. Qxd4 Nxa5 32. Nf4 Rc8 33. Kg2 Qb7+
34. Kh3 Qb5 35. Qe4 Qf1+ 36. Ng2 Qb5 37. Nf4 Qf1+ 38. Ng2 Nc6 39. Rc2 Qa6 40.
Nf4 Ne7 41. Rxc8+ Qxc8 42. g4 g5 43. Nh5 Qc3+ 44. Kg2 Ng6 45. h3 Nh4+ 46. Kh2
Nf3+ 47. Kg2 Nh4+ 48. Kh2 Qa1 49. f4 Qb2+ 50. Kg3 Qc3+ 51. Kf2 Qd2+ 52. Kg3 Qb2
53. Qa8+ Kh7 54. Qe4+ Kg8 55. Qa8+ Kh7 56. Qe4+ f5 57. gxf5 Nxf5+ 58. Kg4 Qf2
59. fxg5 Qh4+ 0-1

[Event "16th OIBM 2012"]
[Site "Bad Wiessee GER"]
[Date "2012.11.03"]
[Round "8.4"]
[White "Chatalbashev, B."]
[Black "Rozentalis, E."]
[Result "1/2-1/2"]
[WhiteElo "2535"]
[BlackElo "2577"]
[PlyCount "102"]
[EventDate "2012.10.27"]
[SourceDate "1999.07.01"]

1. d4 Nf6 2. c4 e6 3. Nf3 b6 4. Nc3 Bb7 5. Bg5 h6 6. Bh4 Be7 7. e3 Ne4 8. Nxe4
Bxe4 9. Bg3 O-O 10. Be2 d6 11. O-O Nd7 12. Nd2 Bb7 13. b4 f5 14. c5 Nf6 15. Qc2
Be4 16. Nxe4 Nxe4 17. Bf3 Nxg3 18. hxg3 d5 19. g4 Qd7 20. gxf5 Rxf5 21. Bg4 Rf6
22. f4 Raf8 23. Rac1 Qe8 24. Qe2 Qg6 25. cxb6 cxb6 26. b5 Bd6 27. Rc6 e5 28.
dxe5 Bxe5 29. Bh5 Qf5 30. Bg4 Qg6 31. Rd1 Bd6 32. Rxd5 Bc5 33. Rxf6 Qxf6 34.
Re5 Qh4 35. Be6+ Kh8 36. Bf5 Qg3 37. Qf3 Qxf3 38. gxf3 Bxe3+ 39. Kg2 Bxf4 40.
Rd5 g6 41. Be4 Kg7 42. Rd7+ Kf6 43. Rxa7 Rd8 44. a4 Rd2+ 45. Kf1 h5 46. Rb7
Rd1+ 47. Ke2 Rd2+ 48. Kf1 Rd6 49. Rc7 Rd1+ 50. Ke2 Rd2+ 51. Ke1 h4 1/2-1/2

[Event "TCh-FIN SM 2012-13"]
[Site "Porvoo FIN"]
[Date "2012.10.28"]
[Round "5.1"]
[White "Nyback, T."]
[Black "Yemelin, V."]
[Result "1-0"]
[WhiteElo "2618"]
[BlackElo "2579"]
[PlyCount "109"]
[EventDate "2012.09.29"]
[SourceDate "1999.07.01"]
[WhiteTeam "Aatos, Helsinki"]
[BlackTeam "Velhot, Porvoo"]

1. d4 Nf6 2. c4 e6 3. Nf3 b6 4. g3 Bb7 5. Bg2 Be7 6. Nc3 Ne4 7. Bd2 Bf6 8. O-O
O-O 9. Rc1 c5 10. d5 exd5 11. cxd5 Nxd2 12. Nxd2 d6 13. b3 Ba6 14. a4 Nd7 15.
Nc4 Qc7 16. Qd2 Rae8 17. Rfe1 g6 18. Kh1 Bxc3 19. Rxc3 f5 20. e4 fxe4 21. Rxe4
Rxe4 22. Bxe4 Nf6 23. Bf3 Qd7 24. Qf4 Bb7 25. Qg5 Kg7 26. Ne3 Re8 27. Rd3 Ba6
28. Rd2 Ne4 29. Bxe4 Rxe4 30. g4 h6 31. Qh4 Qf7 32. Qg3 Qf6 33. Kg2 Rd4 34.
Rxd4 cxd4 35. Nc4 Bb7 36. Nxd6 Bxd5+ 37. Kf1 Qe6 38. Nf5+ Kh7 39. Qc7+ Qf7 40.
Qxf7+ Bxf7 41. Nxd4 g5 42. Ke2 Kg6 43. Ke3 Kf6 44. Ke4 a5 45. f4 gxf4 46. Kxf4
Bd5 47. h3 Bf7 48. h4 Bg8 49. h5 Bd5 50. Nf5 Bxb3 51. Nxh6 Bxa4 52. g5+ Ke6 53.
g6 Bc2 54. Kg5 a4 55. Nf5 1-0

[Event "TCh-ISL 2012-13"]
[Site "Reykjavik ISL"]
[Date "2012.10.05"]
[Round "1.3"]
[White "Eljanov, P."]
[Black "Kryvoruchko, Y."]
[Result "1/2-1/2"]
[WhiteElo "2681"]
[BlackElo "2679"]
[PlyCount "35"]
[EventDate "2012.10.05"]
[SourceDate "1999.07.01"]
[WhiteTeam "Vikingaklubburinn A"]
[BlackTeam "Taflfelag Reykjavikur A"]

1. d4 Nf6 2. c4 e6 3. Nf3 b6 4. e3 Bb7 5. Nc3 d5 6. cxd5 exd5 7. Bb5+ c6 8. Bd3
Be7 9. O-O O-O 10. b3 Nbd7 11. Bb2 Bd6 12. Rc1 Re8 13. Ne2 Ne4 14. Rc2 a5 15.
a4 f5 16. h4 Ndf6 17. g3 Ng4 18. Nf4 1/2-1/2

[Event "16th Unive Open"]
[Site "Hoogeveen NED"]
[Date "2012.10.25"]
[Round "7"]
[White "Brynell, S."]
[Black "Timman, J."]
[Result "1/2-1/2"]
[WhiteElo "2500"]
[BlackElo "2578"]
[PlyCount "30"]
[EventDate "2012.10.19"]
[SourceDate "1999.07.01"]

1. d4 Nf6 2. c4 e6 3. Nf3 b6 4. a3 Ba6 5. e3 d5 6. Nbd2 Be7 7. b4 O-O 8. Bb2
dxc4 9. Bxc4 Bxc4 10. Nxc4 a5 11. bxa5 Qd5 12. Qc2 b5 13. Nce5 Bd6 14. O-O Rxa5
15. a4 Qe4 1/2-1/2

[Event "Casino Barcelona Masters"]
[Site "Barcelona ESP"]
[Date "2012.10.27"]
[Round "5.5"]
[White "Sjugirov, S."]
[Black "Aroshidze, L."]
[Result "1-0"]
[WhiteElo "2624"]
[BlackElo "2560"]
[PlyCount "111"]
[EventDate "2012.10.23"]
[SourceDate "1999.07.01"]

1. d4 Nf6 2. c4 e6 3. Nf3 b6 4. g3 Bb7 5. Bg2 c5 6. d5 exd5 7. Ng5 Be7 8. Nc3
O-O 9. O-O h6 10. Nh3 Na6 11. Nf4 Nc7 12. Rb1 Re8 13. Re1 b5 14. cxb5 Qb8 15.
Nfxd5 Ncxd5 16. Nxd5 Nxd5 17. Bxd5 Bxd5 18. Qxd5 Qxb5 19. Bf4 Bf8 20. e3 a5 21.
b3 a4 22. b4 Ra7 23. Red1 Rb7 24. bxc5 Qxb1 25. Rxb1 Rxb1+ 26. Kg2 Rc8 27. Qxd7
Rxc5 28. Qxa4 g5 29. Qe4 Rb2 30. Be5 Rxa2 31. g4 Rcc2 32. Bg3 Rd2 33. h4 Bd6
34. Bxd6 Rxd6 35. hxg5 Re6 36. Qd5 Ra4 37. Kg3 hxg5 38. Qxg5+ Kf8 39. f3 Ra8
40. e4 Rae8 41. Kf4 R8e7 42. Qc5 Kg8 43. Qd4 f6 44. Kf5 Kh7 45. f4 Ra6 46. Qc4
Rea7 47. g5 fxg5 48. Kxg5 Rg7+ 49. Kf5 Ra8 50. Qe6 Raa7 51. e5 Rae7 52. Qb3 Rb7
53. Qh3+ Kg8 54. e6 Rh7 55. Qc3 Rb5+ 56. Kg6 1-0

[Event "Casino Barcelona Masters"]
[Site "Barcelona ESP"]
[Date "2012.10.28"]
[Round "6.4"]
[White "Nielsen, PH."]
[Black "Quesada Perez, Yu"]
[Result "1/2-1/2"]
[WhiteElo "2662"]
[BlackElo "2604"]
[PlyCount "81"]
[EventDate "2012.10.23"]
[SourceDate "1999.07.01"]

1. Nf3 Nf6 2. c4 b6 3. d4 e6 4. g3 Bb7 5. Bg2 Be7 6. O-O O-O 7. Nc3 Ne4 8. Qc2
Nxc3 9. Qxc3 c5 10. Rd1 d6 11. b3 Bf6 12. Bb2 Qe7 13. Qd2 Nd7 14. dxc5 Bxb2 15.
Qxb2 dxc5 16. Qd2 Rfd8 17. Qd6 Qxd6 18. Rxd6 Nf6 19. Rad1 Rxd6 20. Rxd6 Kf8 21.
Ne5 Bxg2 22. Kxg2 Ke7 23. Rd3 Rc8 24. f4 Rc7 25. Kf3 Nd7 26. Nxd7 Rxd7 27.
Rxd7+ Kxd7 28. e4 f6 29. g4 e5 30. f5 Ke7 31. h4 h6 32. Ke3 Kd6 33. Kd3 Kc6 34.
Kc3 Kb7 35. a3 a5 36. Kd3 Kc7 37. a4 Kd6 38. Ke3 Ke7 39. Kf3 Kf7 40. h5 Ke7 41.
Ke3 1/2-1/2

[Event "2nd Indonesia Open"]
[Site "Jakarta INA"]
[Date "2012.10.16"]
[Round "8.8"]
[White "Xiu Deshun"]
[Black "Fedorchuk, S."]
[Result "0-1"]
[WhiteElo "2525"]
[BlackElo "2647"]
[PlyCount "94"]
[EventDate "2012.10.11"]
[SourceDate "1999.07.01"]

1. d4 Nf6 2. c4 e6 3. Nf3 b6 4. g3 Bb4+ 5. Bd2 a5 6. Bg2 Bb7 7. O-O O-O 8. Bf4
Be7 9. Nc3 Na6 10. d5 Bb4 11. Nd4 Bxc3 12. bxc3 Nc5 13. Nb3 Nce4 14. Be5 a4 15.
Nd2 Nxd2 16. Qxd2 Ra5 17. Rab1 d6 18. dxe6 Bxg2 19. Bxf6 Qa8 20. exf7+ Rxf7 21.
Bd4 Bxf1 22. Rxf1 a3 23. Qd3 Ra4 24. Rb1 Qe8 25. e4 Qe6 26. Rb4 Ra5 27. Be3 Re5
28. c5 dxc5 29. Ra4 Qc6 30. Rxa3 Rxe4 31. c4 Re8 32. Rc3 Rd7 33. Qe2 Qe4 34. h4
Rf8 35. Kh2 Qf3 36. Qxf3 Rxf3 37. Kg2 Rf8 38. f4 Ra8 39. a3 Rad8 40. Rc2 Rd3
41. Bc1 Rb3 42. f5 Kf7 43. Bb2 h5 44. Kh3 Re3 45. Bc1 Rf3 46. Bf4 Rd7 47. a4
Ra3 0-1

[Event "Bundesliga 2012-13"]
[Site "Hamburg GER"]
[Date "2012.10.21"]
[Round "2"]
[White "Salgado Lopez, I."]
[Black "Bacrot, E."]
[Result "0-1"]
[WhiteElo "2627"]
[BlackElo "2705"]
[PlyCount "136"]
[EventDate "2012.10.20"]
[EventType "team"]
[SourceDate "1999.07.01"]
[WhiteTeam "SK Norderstedt"]
[BlackTeam "OSC Baden-Baden"]

1. d4 Nf6 2. c4 e6 3. Nf3 b6 4. g3 Ba6 5. Nbd2 d5 6. Bg2 Be7 7. O-O O-O 8. b3
c5 9. Bb2 Nc6 10. dxc5 bxc5 11. Ne5 Nxe5 12. Bxe5 Rc8 13. cxd5 exd5 14. Rc1 Nd7
15. Bb2 Bg5 16. Rc2 d4 17. Re1 Re8 18. Nf3 Bf6 19. Qc1 Bb7 20. Qd2 Be4 21. Rcc1
Qb6 22. Red1 Qb7 23. Ne1 h6 24. Rc2 Bxg2 25. Nxg2 Re4 26. Ne1 Bg5 27. e3 Rxe3
28. f4 Bf6 29. Qg2 Qxg2+ 30. Nxg2 Re4 31. Ne1 Rce8 32. Nd3 Bd8 33. Nxc5 Nxc5
34. Rxc5 Bb6 35. Re5 R8xe5 36. fxe5 d3+ 37. Kf1 Re2 38. Bc3 Rf2+ 39. Ke1 Re2+
40. Kf1 Rxh2 41. Rxd3 Rxa2 42. Rf3 Rc2 43. Bb4 Bc5 44. Bc3 Kf8 45. b4 Bb6 46.
b5 Ke7 47. Bb4+ Bc5 48. Bxc5+ Rxc5 49. Ra3 Rxb5 50. Rxa7+ Ke6 51. Kf2 Rxe5 52.
Ra6+ Kf5 53. Ra7 Kg6 54. Ra6+ f6 55. Ra7 h5 56. Kf3 Rf5+ 57. Kg2 Rc5 58. Kf3
Rc4 59. Ra5 f5 60. Ra7 Kf6 61. Rb7 g6 62. Rb6+ Kg5 63. Ra6 h4 64. gxh4+ Rxh4
65. Kg3 f4+ 66. Kf2 Rh2+ 67. Kf3 Rh3+ 68. Kf2 Rb3 0-1

[Event "TCh-HUN 2012-13"]
[Site "Dunaharaszti HUN"]
[Date "2012.10.07"]
[Round "2"]
[White "Gonda, L."]
[Black "Kovacevic, A."]
[Result "1/2-1/2"]
[WhiteElo "2528"]
[BlackElo "2549"]
[PlyCount "149"]
[EventDate "2012.09.16"]
[SourceDate "1999.07.01"]
[WhiteTeam "Dunaharaszti MTK"]
[BlackTeam "ASS-Makoi SVSE"]

1. d4 Nf6 2. c4 e6 3. Nf3 b6 4. g3 Bb7 5. Bg2 Be7 6. Nc3 Ne4 7. Bd2 Bf6 8. O-O
d6 9. Rc1 O-O 10. d5 Nxd2 11. Nxd2 e5 12. Nce4 Be7 13. c5 bxc5 14. Nxc5 dxc5
15. d6 Bxg2 16. dxe7 Qxe7 17. Kxg2 Nd7 18. Ne4 Rab8 19. Qc2 h5 20. b3 Rfd8 21.
Nxc5 Nxc5 22. Qxc5 Qxc5 23. Rxc5 Rd2 24. Rxe5 Rxa2 25. Rc1 Rc8 26. Rd1 Rb2 27.
Rd7 Rxb3 28. Ree7 Rf8 29. Rxc7 a6 30. Rc6 Ra8 31. Rcc7 Rf8 32. Ra7 Rb6 33. f4
g6 34. e4 Rc6 35. Kh3 Rb6 36. e5 g5 37. fxg5 Kg7 38. e6 Kg6 39. Rxf7 Rg8 40.
Rf6+ Kxg5 41. Raf7 Re8 42. Kg2 Rb2+ 43. Kf3 Rxh2 44. Rf8 Rb2 45. Ke4 Re2+ 46.
Kd5 R2xe6 47. Rxe6 Rxf8 48. Rxa6 Rf3 49. Ke4 Rxg3 50. Ra8 Kg4 51. Rg8+ Kh3 52.
Rh8 h4 53. Kf4 Rg7 54. Kf3 Rf7+ 55. Ke3 Kg3 56. Rg8+ Kh2 57. Rg4 h3 58. Rg8 Ra7
59. Kf2 Ra2+ 60. Kf1 Rg2 61. Rb8 Rg6 62. Kf2 Rf6+ 63. Ke2 Kg1 64. Rg8+ Kh1 65.
Rg3 h2 66. Rg8 Ra6 67. Kf1 Ra1+ 68. Kf2 Rg1 69. Rb8 Rg2+ 70. Kf3 Rg7 71. Rb1+
Rg1 72. Rb8 Rf1+ 73. Ke2 Rf6 74. Rg8 Rf2+ 75. Kxf2 1/2-1/2

[Event "2nd Indonesia Open"]
[Site "Jakarta INA"]
[Date "2012.10.13"]
[Round "5.7"]
[White "Gomez, Joh"]
[Black "Iordachescu, V."]
[Result "1/2-1/2"]
[WhiteElo "2523"]
[BlackElo "2637"]
[PlyCount "57"]
[EventDate "2012.10.11"]
[SourceDate "1999.07.01"]

1. d4 Nf6 2. c4 e6 3. Nf3 b6 4. Nc3 Bb4 5. e3 Bb7 6. Bd3 O-O 7. O-O c5 8. Na4
cxd4 9. exd4 Re8 10. a3 Bf8 11. Re1 d6 12. b4 Nbd7 13. Nc3 g6 14. Bf1 Bg7 15.
Ra2 a6 16. h3 Nh5 17. Rc2 Rc8 18. Nh2 Nhf6 19. Bg5 Qc7 20. Qd2 Qb8 21. Ng4 Nxg4
22. hxg4 Nf6 23. f3 Qc7 24. Rec1 Nd7 25. d5 Qb8 26. Re1 Qc7 27. Rec1 Qb8 28.
Re1 Qc7 29. Rec1 1/2-1/2

[Event "4th Grand Prix FFE 2012"]
[Site "Villandry FRA"]
[Date "2012.10.07"]
[Round "1.1"]
[White "Le Roux, JP."]
[Black "Jankovic, A."]
[Result "1-0"]
[WhiteElo "2563"]
[BlackElo "2540"]
[PlyCount "92"]
[EventDate "2012.10.07"]
[SourceDate "1999.07.01"]

1. d4 Nf6 2. Nf3 e6 3. c4 b6 4. g3 Ba6 5. Qb3 c6 6. Nc3 d5 7. cxd5 cxd5 8. Bf4
Nbd7 9. Qa4 Bb7 10. Nb5 Bc6 11. Qb3 Bxb5 12. Qxb5 Ne4 13. Bg2 Bd6 14. Bxd6 Nxd6
15. Qc6 Ke7 16. O-O Qc8 17. Qa4 Qb7 18. Ne5 Rhc8 19. Rac1 b5 20. Qa3 b4 21. Qd3
Rxc1 22. Rxc1 Rc8 23. Qd2 Rxc1+ 24. Qxc1 h6 25. h4 Ke8 26. Qf4 Nxe5 27. Qxe5
Nf5 28. e4 Ne7 29. exd5 exd5 30. Qxg7 Qb6 31. Bh3 Qg6 32. Qh8+ Ng8 33. Qe5+ Kf8
34. Qxd5 Qb1+ 35. Bf1 Nf6 36. Qd6+ Kg7 37. Qxb4 Qxa2 38. Qa3 Qb1 39. Qc3 a5 40.
d5 Qd1 41. Qxa5 Nxd5 42. Qd8 Qb3 43. Qd7 Nf6 44. Qd4 Qd5 45. Qxd5 Nxd5 46. Bc4
Nb4 1-0

[Event "4th Grand Prix FFE 2012"]
[Site "Villandry FRA"]
[Date "2012.10.07"]
[Round "1.3"]
[White "Fressinet, L."]
[Black "Bauer, Ch"]
[Result "1-0"]
[WhiteElo "2702"]
[BlackElo "2664"]
[PlyCount "135"]
[EventDate "2012.10.07"]
[SourceDate "1999.07.01"]

1. d4 Nf6 2. Nf3 e6 3. c4 b6 4. g3 Ba6 5. Qb3 c6 6. Nc3 d5 7. cxd5 cxd5 8. Bf4
Nbd7 9. Qa4 Bb7 10. Nb5 Bc6 11. Qb3 Bxb5 12. Qxb5 Ne4 13. Bg2 Bd6 14. Bxd6 Nxd6
15. Qc6 Nc4 16. O-O O-O 17. b3 Na5 18. Qb5 a6 19. Qd3 b5 20. Rac1 Rc8 21. h4 h6
22. Nd2 Nc6 23. a3 Qb6 24. e3 b4 25. a4 Na5 26. Rfd1 Nf6 27. Bf1 Ra8 28. Rc2
Rfc8 29. Rdc1 Rxc2 30. Qxc2 Ne8 31. Bd3 Nd6 32. Qc7 Qxc7 33. Rxc7 Kf8 34. Kf1
Ke8 35. Ke2 Kd8 36. Rc2 Kd7 37. Kd1 g5 38. hxg5 hxg5 39. Ke2 g4 40. Rc1 Ra7 41.
Rh1 Rc7 42. Kd1 Rc3 43. Bc2 f5 44. Rh7+ Kd8 45. Ra7 Rc6 46. Bd3 Nc8 47. Rh7 Nd6
48. Bc2 Nc8 49. Nf3 Rc7 50. Rh8+ Ke7 51. Ne5 Nc6 52. Nd3 Nd6 53. Nc5 Ne4 54.
Bxe4 fxe4 55. Nxa6 Ra7 56. Rh7+ Kd6 57. Rxa7 Nxa7 58. Nxb4 e5 59. Kd2 Nc8 60.
a5 Na7 61. Kc3 Nb5+ 62. Kd2 exd4 63. exd4 Nxd4 64. a6 Nb5 65. Ke3 Kc5 66. Nc2
Kb6 67. Nd4 Nc3 68. Ne2 1-0

[Event "34th Rashid Nezhmetdinov Cup"]
[Site "Kazan RUS"]
[Date "2012.10.03"]
[Round "8.2"]
[White "Ibragimov, I."]
[Black "Dvoirys, S."]
[Result "1/2-1/2"]
[WhiteElo "2546"]
[BlackElo "2533"]
[PlyCount "132"]
[EventDate "2012.09.25"]
[SourceDate "1999.07.01"]

1. d4 Nf6 2. c4 e6 3. Nf3 b6 4. g3 Ba6 5. b3 d5 6. cxd5 exd5 7. Bg2 Bd6 8. O-O
O-O 9. Nc3 Nbd7 10. Re1 Re8 11. Bb2 Rc8 12. Nd2 c5 13. Nxd5 Nxd5 14. Bxd5 Nf6
15. Bf3 cxd4 16. Bxd4 Bxg3 17. Bxf6 Bxh2+ 18. Kxh2 Qxf6 19. Nf1 Rcd8 20. Qc2
Rxe2 21. Rxe2 Bxe2 22. Qxe2 Qxa1 23. Bd5 Qd4 24. Bc4 g6 25. Kg2 Kg7 26. a4 h5
27. Qe7 Rd7 28. Qe8 Qg4+ 29. Ng3 h4 30. Be2 Qd4 31. Ne4 Rd5 32. Bc4 Rf5 33. Qe7
Rf4 34. f3 h3+ 35. Kg3 Rf5 36. Kxh3 Rxf3+ 37. Kg2 Rf4 38. Ng3 Rf2+ 39. Kh3 Rf3
40. Qc7 Qe3 41. Kg4 Rf2 42. Kh3 a6 43. Bd5 Rf5 44. Be4 Rh5+ 45. Kg2 Rg5 46. Bb7
Qxb3 47. Bxa6 Qxa4 48. Qc3+ Kh7 49. Qf6 Qa2+ 50. Kh3 Qe6+ 51. Qxe6 fxe6 52. Ne4
Re5 53. Bd3 b5 54. Kg4 b4 55. Kf4 Rf5+ 56. Ke3 Kh6 57. Bc4 e5 58. Nf2 Rf4 59.
Ba2 Kg5 60. Nd3 Kf5 61. Bb1 Rf1 62. Bc2 b3 63. Bxb3 e4 64. Nf2 Re1+ 65. Kd2 Ra1
66. Nxe4 Ke5 1/2-1/2

[Event "TCh-Central SRB 2012"]
[Site "Vrnjacka Banja SRB"]
[Date "2012.09.30"]
[Round "3.6"]
[White "Petkov, V."]
[Black "Pap, G."]
[Result "1-0"]
[WhiteElo "2522"]
[BlackElo "2569"]
[PlyCount "85"]
[EventDate "2012.09.29"]
[SourceDate "1999.07.01"]
[WhiteTeam "Progres, Pirot"]
[BlackTeam "Sloga, Kraljevo"]

1. d4 Nf6 2. c4 e6 3. Nf3 b6 4. a3 Ba6 5. Qc2 c5 6. d5 exd5 7. cxd5 g6 8. Nc3
d6 9. g3 Bg7 10. Bg2 O-O 11. O-O Nbd7 12. Bf4 Qe7 13. Rfe1 Ng4 14. Qa4 Bb7 15.
Bxd6 Qxd6 16. Qxg4 a6 17. e4 b5 18. Qh4 Ne5 19. Nxe5 Qxe5 20. Rad1 b4 21. Na4
Qd6 22. axb4 cxb4 23. Qf4 Qxf4 24. gxf4 Bh6 25. e5 Bxf4 26. Nc5 Ra7 27. Nd3 Bg5
28. Nxb4 a5 29. Nd3 Rc8 30. d6 Ba6 31. Bd5 Rc2 32. Bb3 Bxd3 33. Rxd3 Rxb2 34.
Re4 Rb7 35. e6 fxe6 36. Bxe6+ Kg7 37. d7 Rb8 38. Bc4 Rf8 39. h4 Bd8 40. Re8 Rb4
41. h5 h6 42. Bd5 gxh5 43. Rf3 1-0